LEADER 01072nam a2200205 i 4500 001 000000254125 003 CaOOAMICUS 005 20170510000000.0 008 170510s1823 it u000 u ita u 013 $a233030 026 $atete zaal uohe s'sa (7) 1823 (A) 040 $aSeMil$bita 245 10$aTomo 5. 300 $a239, [1] p., [3] c. di tav. :$bill. calcogr. 490 0 $aCompendio della Storia universale antica e moderna ;$v72 773 0 $aCoxe, William <1747-1828>$tStoria di Casa d'Austria scritta in inglese da Guglielmo Coxe compendiata in italiano dal cav. Compagnoni con una introduzione originale comprendente le cose di Germania dai primi suoi tempi fino al 1218. ... Tomo 1. [-6. ed ultimo].$dMilano : Dalla Tipografia di commercio. Vendesi da Fusi, Stella e Compagni, 1823.$g5$w()4831 830 0$aCompendio della Storia universale antica e moderna ;$v72.$0(OLS)http://semarc/title/401073 850 $aSeMil 852 $aSeMil$W1$xVenegono$y1$m3V I 72 FA$j204471$B204471$CSeMilBibl$Z2$F217858 $8I 996 $6245$aTomo 5$9(OLS)http://semarc/title/76883 LEADER 00919nam a2200193 i 4500 001 000000210653 003 CaOOAMICUS 005 20120207000000.0 008 120207s1830 it u000 u mul u 013 $a189466 026 $aI.CO ieda r-s- prli (3) 1830 (A) 040 $aSeMil$bita 245 10$aTomo 2. 300 $a665, [1] p. 500 $aManca la copertina. 773 0 $aHoratius Flaccus, Quintus, <65-8 a.C.>$tOpere di Q. Orazio Flacco tradotte in lingua italiana e corredate di opportune osservazioni da Celestino Massucco ... Tomo 1. [-6.].$bSeconda edizione col testo latino corretto su quelli del Mitscherlich e del Doering e coll'aggiunta delle osservazioni del cav. Vannetti e di altri.$dMilano : Per Angelo Bonfanti, 1829-1832.$g2$w()26216 850 $aSeMil 852 $aSeMil$W1$xVenegono$y1$m1X III 92 FA$j161100$B161100$CSeMilBibl$Z2$F172242 $8I 996 $6245$aTomo 2$9(OLS)http://semarc/title/49331